Hội thảo sở kết giai đoạn I : Nghiên cứu hệ thống canh tác Lúa- Cá (Cần Thơ, 22-23/9/1999)
Na minha lista:
| Formato: | Livro |
|---|---|
| Idioma: | Undetermined |
| Publicado em: |
Cần Thơ
Viện NC & PTHT Canh tác Trường ĐH Cần Thơ
1999
|
| Assuntos: | |
| Tags: |
Adicionar Tag
Sem tags, seja o primeiro a adicionar uma tag!
|
| Thư viện lưu trữ: | Trung tâm Học liệu Trường Đại học Cần Thơ |
|---|
| LEADER | 00657nam a2200181Ia 4500 | ||
|---|---|---|---|
| 001 | CTU_122590 | ||
| 008 | 210402s9999 xx 000 0 und d | ||
| 082 | |a 633.18 | ||
| 082 | |b H452 | ||
| 245 | 0 | |a Hội thảo sở kết giai đoạn I : | |
| 245 | 0 | |b Nghiên cứu hệ thống canh tác Lúa- Cá (Cần Thơ, 22-23/9/1999) | |
| 245 | 0 | |c Viện NC & PTHT Canh tác Trường ĐH Cần Thơ | |
| 260 | |a Cần Thơ | ||
| 260 | |b Viện NC & PTHT Canh tác Trường ĐH Cần Thơ | ||
| 260 | |c 1999 | ||
| 650 | |a Fish culture,Rice | ||
| 904 | |i M.Loan | ||
| 980 | |a Trung tâm Học liệu Trường Đại học Cần Thơ | ||